Legal ethics and the profession of law / (Record no. 90304)

MARC details
000 -LEADER
fixed length control field 00658nam a22001937a 4500
005 - DATE AND TIME OF LATEST TRANSACTION
control field 20141212123354.0
010 ## - LCCN (DPL NO)
LC control number ENG-111379
020 ## - INTERNATIONAL STANDARD BOOK NUMBER
International Standard Book Number 9789351431527
Terms of availability 345.00
035 ## - SYSTEM CONTROL NUMBER
System control number EN-94911
037 ## - SOURCE OF ACQUISITION
Source of stock number/acquisition DBAD/PUB
082 ## - DEWEY DECIMAL CLASSIFICATION NUMBER
Classification number 174.30954
100 ## - MAIN ENTRY--PERSONAL NAME
Personal name Ghosh, Yashomati
245 ## - TITLE STATEMENT
Title Legal ethics and the profession of law /
Statement of responsibility, etc by Yashomati Ghosh ; foreworded by R. Venkata Rao
260 ## - PUBLICATION, DISTRIBUTION, ETC. (IMPRINT)
Place of publication, distribution, etc Gurgaon
Name of publisher, distributor, etc Lexis Nexis
Date of publication, distribution, etc 2014
270 ## - ADDRESS
Address 14th Floor, Building No.10, Tower-B, DLF Cyber City, Phase-II
City Gurgaon
Postal code 122002
300 ## - PHYSICAL DESCRIPTION
Extent xxii, 348p.
Dimensions 24cm(pbk)
500 ## - GENERAL NOTE
General note Includes bibliographical references
942 ## - ADDED ENTRY ELEMENTS (KOHA)
Source of classification or shelving scheme Dewey Decimal Classification
Item type English Books
Call number suffix GHO
Classification part 174.30954
Holdings
Withdrawn status Lost status Not for loan Collection code Home library Current library Date acquired Source of acquisition Cost, normal purchase price Full call number Barcode Copy number Cost, replacement price Koha item type
    Not For Loan Non-fiction D.B.Act.Division D.B.Act.Division 27/11/2014 DBAD/PUB 345.00 174.30954 GHO EN-94911 1 345.00 English Books

© Delhi Public Library
Hit Counter
free hit counter